00380nam a2200145Ia 4500008004100000020001500041041001200056082001600068100001500084245006400099260003500163300000800198650001400206700001400220221030s9999 xx 000 0 und d a8178087847 aEnglish a105.23bMac aC. McMohan 0aCAD - CAM - Principles, Practice & Manufacturing Management bPearson EducationaDelhic2005 a687 aComputers aJ. Browne